[Event "10. Miedzynarodowy Turnieju Klubu Szachowego Polonia Wroclaw - OPEN A"]
[Site "Wroclaw"]
[Date "1899-12-30"]
[Round "3.6"]
[White "Zombirt, Filip"]
[Black "Piotrowski, Przemyslaw"]
[Result "0-1"]
[WhiteTitle "I+"]
[BlackTitle "k"]
[WhiteElo "2013"]
[BlackElo "2292"]

1. d4 Nf6 2. c4 g6 3. Nc3 Bg7 4. e4 d6 5. Nf3 O-O 6. Be2 e5 7. O-O exd4 8. Nxd4
Nc6 9. Be3 Re8 10. f3 Nh5 11. f4 Nf6 12. Nxc6 bxc6 13. Bf3 Rb8 14. Qd2 c5 15.
Kh1 Ba6 16. b3 Bb7 17. Rad1 Qe7 18. Rfe1 Rbd8 19. Nd5 Bxd5 20. exd5 Qd7 21. Qd3
Ng4 22. Bg1 Nh6 23. h3 Kf8 24. g4 Ng8 25. Kh2 h6 26. Bf2 Bf6 27. h4 Bg7 28. Rxe8+
Rxe8 29. Re1 Rxe1 30. Bxe1 Bd4 31. Qe2 Kg7 32. Bg3 Ne7 33. Qe1 Nc8 34. Qe4 Ne7
35. Qe1 Qd8 36. Qe4 Ng8 37. g5 hxg5 38. fxg5 f5 39. Qe6 0-1

[Event "10. Miedzynarodowy Turnieju Klubu Szachowego Polonia Wroclaw - OPEN A"]
[Site "Wroclaw"]
[Date "1899-12-30"]
[Round "3.7"]
[White "Gumularz, Szymon"]
[Black "Gelip, Ioana"]
[Result "1-0"]
[WhiteTitle "I++"]
[BlackTitle ""]
[WhiteElo "2284"]
[BlackElo "2155"]

1. e4 c5 2. Nf3 d6 3. d4 cxd4 4. Nxd4 Nf6 5. Nc3 a6 6. Be3 e5 7. Nb3 Be6 8. h3
Be7 9. f4 Qc7 10. Qf3 Nbd7 11. g4 exf4 12. Bxf4 Ne5 13. Qg2 b5 14. O-O-O Rc8 15.
Rg1 O-O 16. Nd5 Bxd5 17. exd5 Nc4 18. Bd3 Nb6 19. Bf5 Ra8 20. g5 Nfd7 21. Nd4
Ne5 22. h4 Qc4 23. Be4 Rac8 24. Nf5 Rfe8 25. Bxe5 dxe5 26. d6 Bf8 27. d7 1-0

[Event "10. Miedzynarodowy Turnieju Klubu Szachowego Polonia Wroclaw - OPEN A"]
[Site "Wroclaw"]
[Date "1899-12-30"]
[Round "3.8"]
[White "Swicarz, Maciej"]
[Black "Pajak, Jakub"]
[Result "1-0"]
[WhiteTitle "m"]
[BlackTitle "I+"]
[WhiteElo "2268"]
[BlackElo "1836"]

1. e4 c5 2. Nc3 Nc6 3. Bb5 Nd4 4. Bc4 a6 5. Nf3 e6 6. Nxd4 cxd4 7. Ne2 Bc5 8. O-O
Ne7 9. d3 b5 10. Bb3 Bb7 11. f4 O-O 12. Ng3 d5 13. f5 dxe4 14. f6 Ng6 15. Nh5
Re8 16. Qg4 e3 17. fxg7 Qb6 18. Qh3 Be7 19. c3 Bg5 20. Qg4 h6 21. cxd4 Rad8 22.
Nf6+ Bxf6 23. Rxf6 Qxd4 24. Qxd4 Rxd4 25. Bxe3 Rxd3 26. Bxh6 Bd5 27. Bc2 Rd4 28.
Bxg6 fxg6 29. Rf8+ 1-0

[Event "10. Miedzynarodowy Turnieju Klubu Szachowego Polonia Wroclaw - OPEN A"]
[Site "Wroclaw"]
[Date "1899-12-30"]
[Round "3.9"]
[White "Kulas, Szymon"]
[Black "Stachowiak, Kamil"]
[Result "1/2-1/2"]
[WhiteTitle "k"]
[BlackTitle "IM"]
[WhiteElo "2243"]
[BlackElo "2434"]

1. d4 Nf6 2. Nf3 d5 3. c4 e6 4. g3 Bb4+ 5. Bd2 Be7 6. Bg2 c6 7. O-O O-O 8. Qc2
Nbd7 9. Bf4 b6 10. Nbd2 Bb7 11. e4 c5 12. cxd5 exd5 13. e5 Ne8 14. h4 cxd4 15.
Nxd4 Nc5 16. Bh3 Nc7 17. N2f3 N7e6 18. Be3 Qd7 19. Kh2 Rac8 20. Qb1 a5 21. b4
axb4 22. Qxb4 Na4 23. Qd2 Ba6 24. Rfb1 Bc5 25. Rc1 Rfe8 26. Rab1 Kh8 27. Nf5 Ba3
28. Rxc8 Rxc8 29. N3d4 Bc5 30. Nb3 Bxe3 31. Qxe3 Rc3 32. Qd2 Bc4 33. Nd6 Qc7 34.
Bxe6 fxe6 35. Qf4 Qe7 36. Nd4 Kg8 37. Nc6 Qf8 38. Rb4 Ra3 39. Nxc4 Qxf4 40. gxf4
dxc4 41. Rxc4 Rxa2 42. Rb4 Kf7 43. Kg3 1/2-1/2

[Event "10. Miedzynarodowy Turnieju Klubu Szachowego Polonia Wroclaw - OPEN A"]
[Site "Wroclaw"]
[Date "1899-12-30"]
[Round "3.10"]
[White "Balinski, Damian"]
[Black "Kowalczyk, Rafal"]
[Result "1-0"]
[WhiteTitle "k"]
[BlackTitle "k"]
[WhiteElo "2201"]
[BlackElo "2158"]

1. d4 d5 2. Nf3 Nf6 3. Bf4 e6 4. e3 c5 5. c3 Nc6 6. Nbd2 Be7 7. Bd3 O-O 8. Ne5
Bd7 9. Qf3 Rc8 10. g4 cxd4 11. exd4 Nxe5 12. Bxe5 Ne8 13. h4 f6 14. Bf4 Qb6 15.
g5 f5 16. Rb1 Nd6 17. Qe3 Ne4 18. f3 Bd6 19. Bxd6 Nxd6 20. O-O Rce8 21. Rfe1 Bb5
22. Bc2 Qc7 23. Qf4 Qb6 24. Kg2 Nc8 25. Re3 Bd7 26. Nb3 Ba4 27. Rbe1 Rf7 28. h5
Rfe7 29. g6 Nd6 30. Bd3 Bxb3 31. axb3 Nc8 32. Bxf5 Kh8 33. Bxe6 Qd8 34. Bxc8 Rxe3
35. Rxe3 Qxc8 36. Rxe8+ Qxe8 37. Qe5 Qf8 38. f4 Qc8 39. Kg3 hxg6 40. hxg6 Qd8
41. Qh5+ Kg8 42. Qh7+ Kf8 43. Qh8+ 1-0

[Event "10. Miedzynarodowy Turnieju Klubu Szachowego Polonia Wroclaw - OPEN A"]
[Site "Wroclaw"]
[Date "1899-12-30"]
[Round "3.11"]
[White "Praczukowski, Stanislaw"]
[Black "Maj, Pawel"]
[Result "1/2-1/2"]
[WhiteTitle "I++"]
[BlackTitle "k"]
[WhiteElo "2037"]
[BlackElo "2129"]

1. e4 c5 2. Nf3 e6 3. d3 Nc6 4. g3 d5 5. Nbd2 Bd6 6. Bg2 Nge7 7. O-O O-O 8. Nh4
Bc7 9. f4 dxe4 10. Nxe4 h6 11. Be3 b6 12. Qh5 Nd5 13. Bd2 f5 14. Nf2 Nf6 15. Qe2
Qd7 16. Rae1 Re8 17. Bc3 Bd8 18. Ng6 Bb7 19. Ne5 Nxe5 20. Bxe5 Bxg2 21. Kxg2 Qc6+
22. Qf3 Qxf3+ 23. Kxf3 Nd7 24. Bc3 Kf7 25. Re2 Bf6 26. Nd1 Rad8 27. Rfe1 Bxc3
28. Nxc3 Nf6 29. Re5 Ng4 30. R5e2 Nf6 31. Re5 Ng4 32. R5e2 1/2-1/2

[Event "10. Miedzynarodowy Turnieju Klubu Szachowego Polonia Wroclaw - OPEN A"]
[Site "Wroclaw"]
[Date "1899-12-30"]
[Round "4.1"]
[White "Sielecki, Christof"]
[Black "Cyborowski, Lukasz"]
[Result "1/2-1/2"]
[WhiteTitle "IM"]
[BlackTitle "GM"]
[WhiteElo "2437"]
[BlackElo "2522"]

1. Nf3 c5 2. c4 Nf6 3. g3 Nc6 4. Bg2 g6 5. O-O Bg7 6. d4 cxd4 7. Nxd4 O-O 8. Nc3
Nxd4 9. Qxd4 d6 10. Qd3 Bf5 11. e4 Be6 12. Bd2 Nd7 13. b3 Ne5 14. Qe2 Nc6 15.
Rac1 Qa5 16. Rfd1 Nd4 17. Qd3 Qh5 18. f3 f5 19. Rf1 Rf7 20. Nd5 fxe4 21. Qxe4
Bxd5 22. cxd5 Raf8 23. Rc4 Rxf3 24. Re1 Qe5 25. Qxe5 Bxe5 26. Bh6 b5 27. Rc7 Re8
28. Rxe5 dxe5 29. Bxf3 Nxf3+ 30. Kg2 Nd4 31. Bg5 Rd8 32. Rxe7 Rxd5 33. Re8+ Kf7
34. Re7+ Kg8 35. Re8+ 1/2-1/2

[Event "10. Miedzynarodowy Turnieju Klubu Szachowego Polonia Wroclaw - OPEN A"]
[Site "Wroclaw"]
[Date "1899-12-30"]
[Round "4.2"]
[White "Sieciechowicz, Marcin"]
[Black "Dobrowolski, Piotr"]
[Result "1/2-1/2"]
[WhiteTitle "IM"]
[BlackTitle "IM"]
[WhiteElo "2449"]
[BlackElo "2416"]

1. d4 Nf6 2. c4 e6 3. Nf3 Bb4+ 4. Bd2 a5 5. Nc3 b6 6. e3 O-O 7. Bd3 d5 8. O-O Nbd7
9. a3 Be7 10. e4 dxe4 11. Nxe4 Bb7 12. Qe2 c5 13. Bc3 Rc8 14. Rfd1 cxd4 15. Nxd4
Bxe4 16. Bxe4 Nxe4 17. Qxe4 Nf6 18. Qf3 Qc7 19. b3 a4 20. Nb5 Qb8 21. Nd4 Qc7
22. Nb5 Qb8 23. Nd4 Qc7 1/2-1/2

[Event "10. Miedzynarodowy Turnieju Klubu Szachowego Polonia Wroclaw - OPEN A"]
[Site "Wroclaw"]
[Date "1899-12-30"]
[Round "4.3"]
[White "Piotrowski, Przemyslaw"]
[Black "Grela, Kacper"]
[Result "1/2-1/2"]
[WhiteTitle "k"]
[BlackTitle "k"]
[WhiteElo "2292"]
[BlackElo "2294"]

1. d4 Nf6 2. Nf3 g6 3. g3 Bg7 4. Bg2 c6 5. O-O d5 6. c4 O-O 7. cxd5 cxd5 8. Ne5
e6 9. Nc3 Nfd7 10. Nxd7 Bxd7 11. Bf4 Qb6 12. e3 Bb5 13. Re1 Ba6 14. Qd2 Nd7 15.
Na4 Qb5 16. b3 e5 17. dxe5 Nxe5 18. Bxe5 Bxe5 19. Rad1 Rfd8 20. Bxd5 Bc7 21. e4
Rd7 22. Re3 Ba5 23. Qd4 Qb4 24. Nc5 Qxd4 25. Rxd4 Re7 26. Nxa6 Bb6 27. Red3 Rc8
28. Bxb7 Rxb7 29. Rc4 Re8 30. Nb4 Kg7 31. Nd5 Bd8 32. f4 Rd7 33. Kf1 h5 34. h4
Re6 35. Nb4 Rxd3 36. Nxd3 Rd6 37. Ke2 f6 38. Nb4 g5 39. Nc6 gxh4 40. Nxd8 hxg3
41. Nc6 g2 42. Kf2 Rd2+ 43. Kg1 h4 44. Rc3 Kh6 45. e5 fxe5 46. Nxe5 Rxa2 47. Ng4+
Kg6 48. Nf2 Kf5 49. Rf3 a5 50. Kxg2 a4 51. bxa4 Rxa4 52. Nh3 Ra2+ 53. Rf2 Ra3
54. Ng1 Rg3+ 55. Kh2 Re3 56. Ne2 Rd3 57. Kg2 Ra3 58. Rf3 Ra2 59. Re3 Kg4 60. Kf2
h3 61. Rg3+ Kh4 62. Rg8 Rb2 63. Kf3 Rb3+ 64. Ke4 Rb4+ 65. Kd3 Rb3+ 66. Kc4 Re3
67. Nd4 Re4 68. Rh8+ Kg4 69. f5 Kg3 70. Kd3 Re7 71. Rg8+ Kf2 72. Rh8 Kg2 73. Ne6
h2 74. Nf4+ Kg1 75. Nh3+ Kg2 76. f6 Rf7 77. Nf4+ Kg1 78. Ne2+ Kg2 79. Rg8+ Kf2
80. Ng3 Rxf6 81. Ne4+ Kf1 82. Ng3+ 1/2-1/2

[Event "10. Miedzynarodowy Turnieju Klubu Szachowego Polonia Wroclaw - OPEN A"]
[Site "Wroclaw"]
[Date "1899-12-30"]
[Round "4.4"]
[White "Kanicki, Krzysztof"]
[Black "Gumularz, Szymon"]
[Result "1/2-1/2"]
[WhiteTitle "I+"]
[BlackTitle "I++"]
[WhiteElo "2097"]
[BlackElo "2284"]

1. e4 c5 2. Nf3 d6 3. d4 cxd4 4. Nxd4 Nf6 5. Nc3 Nc6 6. Bg5 e6 7. Qd2 a6 8. O-O-O
Bd7 9. f4 b5 10. Bxf6 gxf6 11. Kb1 Qb6 12. Nxc6 Bxc6 13. f5 Qc5 14. Bd3 b4 15.
Ne2 e5 16. Ng3 h5 17. h4 a5 18. Qe2 a4 19. Bc4 Ke7 20. b3 axb3 21. cxb3 Bh6 22.
Qxh5 Raf8 23. Qf3 Qe3 24. Rd3 Qxf3 25. gxf3 Rfg8 26. Nf1 Rg7 27. Ne3 Bxe3 28.
Rxe3 Rgh7 29. a3 bxa3 30. Ka2 Rxh4 31. Rxh4 Rxh4 32. Kxa3 d5 33. exd5 Bb7 34.
Re4 Rh3 35. Rg4 Rxf3 36. Rg8 Kd6 37. Rd8+ Kc7 38. Rf8 Rxf5 39. Rxf7+ Kb6 40. d6
Bc6 41. Be6 Rf4 42. d7 Rd4 43. Rxf6 Kc7 44. Rf5 Bxd7 45. Bxd7 Rxd7 46. Rxe5 Kb7
47. Re6 Rh7 48. Ka4 Rh4+ 49. b4 Rh5 50. Re7+ Kb6 51. Rg7 Rf5 52. Rh7 Rg5 53. Rh6+
Kb7 54. b5 Rg4+ 55. Ka5 Rg7 56. Rf6 Rh7 57. Rf1 Rg7 58. Rc1 Rh7 59. Rg1 Rf7 60.
Rg6 1/2-1/2

[Event "10. Miedzynarodowy Turnieju Klubu Szachowego Polonia Wroclaw - OPEN A"]
[Site "Wroclaw"]
[Date "1899-12-30"]
[Round "4.5"]
[White "Nguyen, Piotr"]
[Black "Swicarz, Maciej"]
[Result "0-1"]
[WhiteTitle "m"]
[BlackTitle "m"]
[WhiteElo "2273"]
[BlackElo "2268"]

1. c4 c5 2. g3 g6 3. Bg2 Bg7 4. Nf3 Nc6 5. Nc3 e6 6. d3 d5 7. Bg5 Nge7 8. Qc1 d4
9. Nb5 O-O 10. Bh6 e5 11. h4 Bxh6 12. Qxh6 f6 13. Na3 Nb4 14. Qd2 Kh8 15. O-O
Qd6 16. Ne1 Rb8 17. Nb5 Qb6 18. a3 Nbc6 19. Nc2 Na5 20. Rab1 Nb3 21. Qd1 a6 22.
Nc3 Be6 23. Ne4 Nc6 24. Ne1 Nca5 25. f4 Qc7 26. Kh2 b5 27. cxb5 axb5 28. fxe5
Qxe5 29. Rf4 Kg7 30. Nf3 Qc7 31. Qg1 h6 32. Rf1 Qe7 33. e3 g5 34. Rxf6 Rxf6 35.
Nxf6 Qxf6 36. Nxg5 Qe7 37. Ne4 Rf8 38. exd4 cxd4 39. Re1 Nc6 40. Re2 Ne5 41. Nf2
Rxf2 42. Rxf2 Ng4+ 43. Kh1 Nxf2+ 44. Qxf2 Qd6 45. Qf3 Nc5 46. g4 Qe5 47. b4 Qe1+
48. Bf1 Qxh4+ 49. Kg2 Nd7 50. Be2 Qg5 51. Qe4 Bd5 0-1

[Event "10. Miedzynarodowy Turnieju Klubu Szachowego Polonia Wroclaw - OPEN A"]
[Site "Wroclaw"]
[Date "1899-12-30"]
[Round "4.6"]
[White "Rozycki, Bartlomiej"]
[Black "Cukrowski, Filip"]
[Result "0-1"]
[WhiteTitle "k++"]
[BlackTitle "m"]
[WhiteElo "2198"]
[BlackElo "2330"]

1. e4 c5 2. Nf3 d6 3. d4 cxd4 4. Nxd4 Nf6 5. Nc3 Nc6 6. Bg5 e6 7. Qd2 a6 8. O-O-O
h6 9. Be3 Be7 10. f3 Bd7 11. Kb1 Qc7 12. Nb3 b5 13. g4 Ne5 14. Qf2 b4 15. Ne2
Nc4 16. Ned4 Nxe3 17. Qxe3 a5 18. h4 a4 19. Nc1 a3 20. b3 g6 21. Bb5 Rb8 22. Bxd7+
Nxd7 23. f4 Nc5 24. f5 Bf6 25. g5 Be5 26. fxg6 fxg6 27. Nd3 Nxd3 28. Qxd3 Qc3
29. Qxc3 bxc3 30. Nxe6 Kd7 31. Nc5+ Kc6 32. Nd3 hxg5 33. hxg5 Rxh1 34. Rxh1 Rf8
35. Kc1 Rf3 36. Rg1 Bd4 37. Rh1 Rg3 38. Kd1 Rxg5 39. Ke2 Rg3 40. Rh6 Kb5 41. Ne1
Bc5 42. Kf1 g5 43. Rg6 g4 44. Rg5 Kc6 45. e5 dxe5 46. Rxe5 Rg1+ 47. Ke2 g3 48.
Rg5 Bd6 49. Rg6 Kd5 50. Rg5+ Ke4 51. Rg4+ Kf5 52. Rg8 Rh1 53. Rc8 Rh2+ 54. Kd3
Be5 55. Nf3 Bf6 56. Rg8 Rf2 57. Nd4+ Ke5 58. Rxg3 Rd2+ 59. Kxc3 Rxd4 60. b4 Kf4
61. Rg6 Rd6+ 62. Kb3 Kf5 63. Rh6 Ke4 64. c3 Rc6 65. Kxa3 Rxc3+ 66. Ka4 Bd4 67.
Ra6 Kd5 68. Kb5 Rc8 69. Rh6 Rb8+ 70. Ka4 Rc8 71. a3 Kc4 72. Ra6 Bb6 73. b5 Rb8
0-1

[Event "10. Miedzynarodowy Turnieju Klubu Szachowego Polonia Wroclaw - OPEN A"]
[Site "Wroclaw"]
[Date "1899-12-30"]
[Round "4.7"]
[White "Guzewicz, Rafal"]
[Black "Kulas, Szymon"]
[Result "1/2-1/2"]
[WhiteTitle "I+"]
[BlackTitle "k"]
[WhiteElo "2045"]
[BlackElo "2243"]

1. d4 Nf6 2. Bf4 g6 3. e3 Bg7 4. h3 d6 5. Nf3 O-O 6. Be2 Nc6 7. O-O e5 8. Bh2 Bf5
9. c4 exd4 10. exd4 Ne4 11. Nc3 Ng5 12. d5 Nxf3+ 13. Bxf3 Nd4 14. Be4 Bxe4 15.
Nxe4 f5 16. Nd2 f4 17. Nf3 Nxf3+ 18. Qxf3 Bxb2 19. Rab1 Bd4 20. Rfe1 Rf5 21. Re4
Be5 22. Rxb7 Rb8 23. Rxb8 Qxb8 24. Qb3 Qb6 25. Qxb6 axb6 26. g3 g5 27. gxf4 gxf4
28. Kg2 f3+ 29. Kh1 h5 30. Bxe5 dxe5 31. Kg1 Kf7 32. Kf1 Ke7 33. Ke1 Kd6 34. Kd2
Kc5 35. Kd3 Kb4 36. Rh4 Rg5 37. Ke3 Kc3 38. Kxf3 Kd3 39. a3 Rf5+ 40. Kg2 e4 41.
Kg3 Rf3+ 42. Kg2 Rf5 43. Kg3 Kxc4 44. Rxe4+ Kxd5 45. Re8 c5 46. f4 c4 47. Kf3
Kd4 48. Re4+ Kd3 49. Re5 Rxe5 50. fxe5 c3 51. e6 c2 52. e7 c1=Q 53. e8=Q 1/2-1/2

[Event "10. Miedzynarodowy Turnieju Klubu Szachowego Polonia Wroclaw - OPEN A"]
[Site "Wroclaw"]
[Date "1899-12-30"]
[Round "4.8"]
[White "Stachowiak, Kamil"]
[Black "Zombirt, Filip"]
[Result "1-0"]
[WhiteTitle "IM"]
[BlackTitle "I+"]
[WhiteElo "2434"]
[BlackElo "2013"]

1. d4 Nf6 2. c4 c5 3. d5 e6 4. Nc3 exd5 5. cxd5 d6 6. e4 g6 7. h3 Bg7 8. Nf3 O-O
9. Bd3 Re8 10. O-O c4 11. Bxc4 Nxe4 12. Nxe4 Rxe4 13. Bd3 Re8 14. Bg5 Bf6 15.
Qd2 Nd7 16. Rae1 Ne5 17. Bxf6 Qxf6 18. Ng5 Bf5 19. Bxf5 Qxf5 20. Ne4 Rad8 21.
b3 b6 22. f4 Nc4 23. bxc4 1-0

[Event "10. Miedzynarodowy Turnieju Klubu Szachowego Polonia Wroclaw - OPEN A"]
[Site "Wroclaw"]
[Date "1899-12-30"]
[Round "4.9"]
[White "Pajak, Jakub"]
[Black "Gelip, Ioana"]
[Result "0-1"]
[WhiteTitle "I+"]
[BlackTitle ""]
[WhiteElo "1836"]
[BlackElo "2155"]

1. e4 e6 2. d4 d5 3. Nc3 Nf6 4. e5 Nfd7 5. f4 c5 6. Nf3 Nc6 7. Be3 a6 8. Qd2 b5
9. dxc5 Bxc5 10. Bd3 Qb6 11. Bxc5 Nxc5 12. Ne2 b4 13. O-O-O b3 14. axb3 Nb4 15.
Kb1 a5 16. Nc3 Nbxd3 17. cxd3 Nxb3 18. Qc2 a4 19. d4 Bd7 20. f5 a3 21. fxe6 fxe6
22. Na2 O-O 23. Ng5 g6 24. Qc3 Rf2 25. bxa3 Rxa3 0-1

[Event "10. Miedzynarodowy Turnieju Klubu Szachowego Polonia Wroclaw - OPEN A"]
[Site "Wroclaw"]
[Date "1899-12-30"]
[Round "4.11"]
[White "Kowalczyk, Rafal"]
[Black "Praczukowski, Stanislaw"]
[Result "1-0"]
[WhiteTitle "k"]
[BlackTitle "I++"]
[WhiteElo "2158"]
[BlackElo "2037"]

1. e4 e5 2. Nf3 Nc6 3. d4 exd4 4. Nxd4 Bb4+ 5. c3 Bc5 6. Nb3 Bb6 7. c4 d6 8. Nc3
Nf6 9. Qe2 O-O 10. Be3 Re8 11. f3 Be6 12. Bg5 h6 13. Bh4 Ne5 14. Nd2 Ng6 15. Bf2
Nf4 16. Qd1 Bxf2+ 17. Kxf2 c6 18. Nb3 b5 19. Qd2 bxc4 20. Nd4 Nd3+ 21. Bxd3 cxd3
22. Qxd3 Qb6 23. Na4 Qb4 24. b3 Bd7 25. Nc2 Qa5 26. Rhe1 Qe5 27. Rad1 d5 28. exd5
Qxh2 29. d6 Nh5 30. Ne3 Qg3+ 31. Kf1 Re5 32. Nc3 Nf4 33. Qd2 Rh5 34. Ne2 Rh1+
35. Ng1 c5 36. Qf2 Bb5+ 37. Nc4 Qg5 38. a4 Bxc4+ 39. bxc4 Rh2 40. d7 Rd8 41. Qc2
Ne6 42. Qd2 Qh4 43. Re4 Qg3 44. Qf2 Qb8 45. Qe2 Qb6 46. Kf2 Qc6 47. Nh3 Rxd7 48.
Kg1 Rxh3 49. gxh3 Qxa4 50. Rd5 Qa6 51. Rxd7 1-0

[Event "10. Miedzynarodowy Turnieju Klubu Szachowego Polonia Wroclaw - OPEN A"]
[Site "Wroclaw"]
[Date "1899-12-30"]
[Round "5.1"]
[White "Cyborowski, Lukasz"]
[Black "Dobrowolski, Piotr"]
[Result "1-0"]
[WhiteTitle "GM"]
[BlackTitle "IM"]
[WhiteElo "2522"]
[BlackElo "2416"]

1. c4 e6 2. Nc3 Bb4 3. e4 Ne7 4. d4 d5 5. exd5 exd5 6. Bd3 Nbc6 7. Nge2 O-O 8.
O-O dxc4 9. Bxc4 Nf5 10. Be3 Bd6 11. Nb5 Re8 12. Qd2 Qh4 13. Nxd6 Nxd6 14. Bb3
Ne4 15. Qc1 Qe7 16. Nc3 Bf5 17. Rd1 Nxc3 18. Qxc3 Be4 19. d5 Ne5 20. Bf4 Qf6 21.
Qg3 c6 22. d6 Nd7 23. Bg5 Qe5 24. Qh4 h6 25. Be7 Bg6 26. Qb4 b5 27. Re1 Qc5 28.
Qd2 Kh7 29. Rac1 Qb6 30. Qf4 f6 31. h4 Ne5 32. Rxe5 fxe5 33. Qxe5 Qb7 34. h5 Bd3
35. Rd1 Bc4 36. Bxc4 bxc4 37. d7 Red8 38. Bxd8 Rxd8 39. Qe4+ 1-0

[Event "10. Miedzynarodowy Turnieju Klubu Szachowego Polonia Wroclaw - OPEN A"]
[Site "Wroclaw"]
[Date "1899-12-30"]
[Round "5.2"]
[White "Grela, Kacper"]
[Black "Sieciechowicz, Marcin"]
[Result "0-1"]
[WhiteTitle "k"]
[BlackTitle "IM"]
[WhiteElo "2294"]
[BlackElo "2449"]

1. e4 e6 2. d4 d5 3. Nd2 c5 4. exd5 Qxd5 5. Ngf3 cxd4 6. Bc4 Qd6 7. O-O Nf6 8.
Nb3 Nc6 9. Nbxd4 Nxd4 10. Nxd4 Bd7 11. c3 Qc7 12. Bb3 O-O-O 13. Qe2 a6 14. Be3
h5 15. Qc4 Ng4 16. Qxc7+ Kxc7 17. Bc1 e5 18. Nc2 f6 19. Nb4 Bb5 20. c4 Bxc4 21.
Bxc4 Bxb4 22. h3 Nh6 23. f4 Bc5+ 24. Kh2 Rd4 25. Bb3 exf4 26. Bxf4+ Rxf4 27. Rxf4
Bd6 28. g3 Bxf4 29. gxf4 Re8 30. Rc1+ Kb6 31. Bd1 Re1 32. Kg2 Nf5 33. Kf2 Rh1
34. a4 a5 35. Rb1 Kc5 36. Rc1+ Kb6 37. Rb1 Rh2+ 38. Kg1 Rxh3 39. b4 axb4 40. Rxb4+
Kc7 41. Kg2 Rg3+ 42. Kf2 h4 43. Bf3 Nd6 44. a5 f5 45. Rb6 Ne4+ 46. Bxe4 fxe4 47.
Re6 Rf3+ 48. Ke2 Rxf4 49. Re7+ Kb8 50. Rxg7 Rf5 51. a6 bxa6 52. Rh7 Rf4 53. Rg7
h3 54. Rh7 Rf3 55. Rh4 Ra3 56. Rxe4 h2 57. Rh4 Ra1 0-1

[Event "10. Miedzynarodowy Turnieju Klubu Szachowego Polonia Wroclaw - OPEN A"]
[Site "Wroclaw"]
[Date "1899-12-30"]
[Round "5.3"]
[White "Swicarz, Maciej"]
[Black "Sielecki, Christof"]
[Result "1-0"]
[WhiteTitle "m"]
[BlackTitle "IM"]
[WhiteElo "2268"]
[BlackElo "2437"]

1. e4 d6 2. d4 g6 3. Nc3 Bg7 4. Be3 a6 5. a4 Nc6 6. h3 e5 7. Nf3 exd4 8. Nxd4 Nf6
9. g4 O-O 10. Bg2 Re8 11. O-O Bd7 12. Nde2 h5 13. g5 Nh7 14. h4 Ne5 15. Nd5 Bc6
16. Bd4 Bxd5 17. exd5 Qd7 18. Ng3 Qg4 19. Qxg4 Nxg4 20. Bxg7 Kxg7 21. f4 f5 22.
Bf3 Re3 23. Rae1 Rae8 24. Rxe3 Nxe3 25. Re1 Kf8 26. c3 Nc4 27. Rxe8+ Kxe8 28.
b3 Nb6 29. Kf2 a5 30. Ke3 Nf8 31. Kd4 Nfd7 32. Bd1 Nc5 33. Bc2 c6 34. c4 Nc8 35.
Ne2 Ne7 36. Nc3 Kd7 37. Nb1 Na6 38. Bd1 Nb4 39. Nc3 Kc7 40. dxc6 bxc6 41. Ne2
Na6 42. Ke3 Nc5 43. Nd4 d5 44. Nf3 Ne6 45. Be2 Kd6 46. Ne5 d4+ 47. Kf3 Nc5 48.
Bd1 Nd7 49. Nxd7 Kxd7 50. c5 Nd5 51. Be2 Nc7 52. Bc4 Ne6 53. Kg3 Ke7 54. b4 axb4
55. a5 Nxc5 56. a6 Nxa6 57. Bxa6 b3 58. Kf3 b2 59. Bd3 c5 60. Ke2 c4 61. Bb1 Kd6
62. Kd2 Kc5 63. Kc2 Kb4 64. Kxb2 d3 65. Ba2 c3+ 66. Kc1 Ka3 67. Bc4 d2+ 68. Kc2
Ka4 69. Bf7 Ka3 70. Bxg6 1-0

[Event "10. Miedzynarodowy Turnieju Klubu Szachowego Polonia Wroclaw - OPEN A"]
[Site "Wroclaw"]
[Date "1899-12-30"]
[Round "5.4"]
[White "Cukrowski, Filip"]
[Black "Piotrowski, Przemyslaw"]
[Result "1/2-1/2"]
[WhiteTitle "m"]
[BlackTitle "k"]
[WhiteElo "2330"]
[BlackElo "2292"]

1. e4 c5 2. Nf3 d6 3. d4 cxd4 4. Nxd4 Nf6 5. Nc3 Nc6 6. Bg5 Qb6 7. Bxf6 gxf6 8.
Nb3 e6 9. Qh5 Rg8 10. O-O-O a6 11. Kb1 Qxf2 12. e5 d5 13. exf6 Qxf6 14. Bd3 Rxg2
15. Rhf1 Qg7 16. h4 Be7 17. Bxh7 Rg4 18. Rh1 Bd7 19. Rdf1 Ne5 20. Re1 Bf6 21.
Nd1 O-O-O 22. Ne3 Rg3 23. Bd3 Nf3 24. Ref1 Rh8 25. Qxf3 Rxf3 26. Rxf3 Bxb2 27.
h5 Ba3 28. Nd1 Qg4 29. Be2 Qg2 30. Re1 f5 31. Nd4 Bc5 32. Rc3 b6 33. Bxa6+ Kb8
34. Nxe6 Qd2 35. Nxc5 Qxe1 36. Nxd7+ Ka7 37. Ra3 Qxd1+ 38. Kb2 Qd4+ 39. c3 Qd2+
40. Kb1 Qe1+ 41. Kb2 Qe7 42. Ra4 b5 43. Ra5 Qxd7 44. Bxb5+ Kb6 45. Bxd7 Kxa5 46.
Bxf5 Rxh5 47. Be6 Kb5 48. Kb3 Kc5 49. a4 Re5 50. Bd7 Re7 51. Bb5 Re3 52. Kc2 Rg3
53. Kb2 Kd6 54. Kc2 Rh3 55. Kb2 Re3 56. Kc2 Rg3 57. Kb2 Ke5 58. Kc2 Ke4 59. a5
d4 60. Bc6+ Ke3 61. cxd4 Kxd4 62. Bb7 1/2-1/2

[Event "10. Miedzynarodowy Turnieju Klubu Szachowego Polonia Wroclaw - OPEN A"]
[Site "Wroclaw"]
[Date "1899-12-30"]
[Round "5.5"]
[White "Gumularz, Szymon"]
[Black "Stachowiak, Kamil"]
[Result "0-1"]
[WhiteTitle "I++"]
[BlackTitle "IM"]
[WhiteElo "2284"]
[BlackElo "2434"]

1. d4 Nf6 2. c4 c5 3. d5 b5 4. Qc2 bxc4 5. e4 d6 6. Bxc4 g6 7. Nf3 Bg7 8. h3 O-O
9. O-O Ba6 10. Na3 Nfd7 11. Bg5 Nb6 12. Rab1 Nxc4 13. Nxc4 Nd7 14. Rfe1 Bxc4 15.
Qxc4 Re8 16. h4 Rb8 17. b3 Qa5 18. Qc2 Qa6 19. Bf4 Rb4 20. Bd2 Rb7 21. Bf4 Rb4
22. Bd2 Rbb8 23. Bf4 Nf6 24. Nd2 e5 25. Bg5 Nh5 26. Nc4 h6 27. Be3 Rf8 28. Qe2
Kh7 29. g3 f5 30. exf5 Rxf5 31. Qc2 Nf6 32. Rbd1 Rf8 33. Kg2 Ng4 34. Rf1 R8f7
35. Rd2 Bf8 36. Qd1 Rf3 37. h5 gxh5 38. Rh1 R3f5 39. Rxh5 Rxh5 40. Qxg4 Rhf5 41.
Qe4 Kg8 42. Qg4+ Kh8 43. Qe4 Qc8 44. Qh4 h5 45. Rd1 Be7 46. Qe4 Qg8 47. Rh1 Qg6
48. Nd2 Kg7 49. f3 Bg5 50. Rh3 Rf8 51. Rh1 R8f7 52. Rh3 Bd8 53. a3 Bg5 54. Kf2
Rxf3+ 55. Qxf3 Rxf3+ 56. Nxf3 Qc2+ 57. Nd2 Qf5+ 0-1

[Event "10. Miedzynarodowy Turnieju Klubu Szachowego Polonia Wroclaw - OPEN A"]
[Site "Wroclaw"]
[Date "1899-12-30"]
[Round "5.6"]
[White "Gelip, Ioana"]
[Black "Kanicki, Krzysztof"]
[Result "0-1"]
[WhiteTitle ""]
[BlackTitle "I+"]
[WhiteElo "2155"]
[BlackElo "2097"]

1. e4 c5 2. Nf3 Nc6 3. d4 cxd4 4. Nxd4 Nf6 5. Nc3 d6 6. Bg5 e6 7. Qd2 a6 8. O-O-O
Bd7 9. f4 h6 10. Bh4 g5 11. fxg5 Ng4 12. Bg3 hxg5 13. Nxc6 Bxc6 14. Qd4 Qf6 15.
e5 Nxe5 16. Ne4 Bxe4 17. Qxe4 Bg7 18. Rxd6 O-O 19. Be2 Rfd8 20. Rxd8+ Rxd8 21.
c3 Qf5 22. Qxf5 exf5 23. Rd1 Rxd1+ 24. Bxd1 f4 25. Be1 Nd3+ 26. Kd2 Nxb2 27. Bb3
b5 28. Kc2 Nc4 29. Bxc4 bxc4 30. Kb2 Bf8 31. Bf2 Kg7 32. Bb6 Kf6 33. Kc2 Be7 34.
Kd2 Ke5 35. Ke2 Ke4 36. Bc7 Bf6 37. Ba5 g4 38. Bb4 f3+ 39. gxf3+ gxf3+ 40. Kf2
Bh4+ 41. Kf1 Kf4 42. Ba5 Kg4 43. Bb6 Kh3 44. Bc7 Bf6 45. Ba5 Kg4 46. Kf2 Bh4+
47. Kf1 Kf4 48. Bb6 Ke4 49. Ba5 Kd3 50. Bb4 Bf6 51. Kf2 Bxc3 52. Bxc3 Kxc3 53.
h4 Kd4 54. h5 Ke5 55. Kxf3 Kf5 56. Ke3 Kg5 57. Kd4 Kxh5 58. Kxc4 f5 59. a4 f4
60. Kc5 f3 61. Kb6 f2 62. Kxa6 f1=Q+ 63. Kb6 Qb1+ 64. Ka6 0-1

[Event "10. Miedzynarodowy Turnieju Klubu Szachowego Polonia Wroclaw - OPEN A"]
[Site "Wroclaw"]
[Date "1899-12-30"]
[Round "5.7"]
[White "Balinski, Damian"]
[Black "Guzewicz, Rafal"]
[Result "1/2-1/2"]
[WhiteTitle "k"]
[BlackTitle "I+"]
[WhiteElo "2201"]
[BlackElo "2045"]

1. c4 c6 2. Nf3 d5 3. b3 Bf5 4. g3 Nf6 5. Bg2 e6 6. O-O Be7 7. d3 h6 8. Bb2 Nbd7
9. Nbd2 O-O 10. Rc1 a5 11. a3 Bh7 12. Rc2 Qb6 13. Qa1 c5 14. cxd5 exd5 15. Ne5
Rfd8 16. Rfc1 a4 17. bxa4 Rxa4 18. e4 Nxe5 19. Bxe5 c4 20. dxc4 dxe4 21. c5 Qe6
22. Ra2 Rd5 23. Bd6 Bxd6 24. cxd6 Rxd6 25. Nf1 Bg6 26. Ne3 Nd5 27. Nxd5 Qxd5 28.
Rac2 Rd4 29. h4 Rd2 30. Rxd2 Qxd2 31. Rc8+ Kh7 32. Qe5 Re6 33. Qb8 Bf5 34. Rh8+
Kg6 35. Qxb7 e3 36. h5+ Kf6 37. fxe3 Qxe3+ 38. Kh2 Qxa3 39. Ra8 Qe3 40. Ra5 Qe2
41. Rxf5+ Kxf5 42. Qxf7+ Rf6 43. Qxg7 Ke6 44. Qg8+ Ke7 45. Qg7+ Ke6 46. Qg8+ Ke7
47. Qg7+ 1/2-1/2